000
00260nam a22001097a 4500
082
_a
621.381534 MID'P
100
_a
MIDDLETON, ROBERT G
_9
56538
245
_a
PULSE CIRCUIT TECHNOLOGY
260
_a
NEWYORK
_b
HOWARD W. SAMS
_c
1964
300
_a
192P
942
_c
BK
999
_c
567769
_d
567769